[Event "IECG QM.2005.0.00081 email"]
[Site "IECG email"]
[Date "2005.02.24"]
[Round "?"]
[White "Garcia, Manuel Valentim Per"]
[Black "Toscano, John"]
[Result "1/2-1/2"]
[WhiteElo "2258"]
[BlackElo "2291"]
[PlyCount "82"]
[EventDate "2005.02.24"]
[EventType "tourn (corr)"]
[EventRounds "6"]
[SourceTitle "Corr 2008"]
[Source "ChessBase"]
[SourceDate "2008.06.24"]
[SourceVersion "1"]
[SourceVersionDate "2008.06.24"]
[SourceQuality "1"]

1. d4 e6 2. c4 b6 3. Nf3 Bb7 4. a3 f5 5. Nc3 Nf6 6. g3 Be7 7. Bg2 0-0 8. 0-0 Ne4 9. Bd2 Bf6 10. Rc1 Nc6 11. Be1 Ne7 12. b4 a6 13. Nxe4 Bxe4 14. Bc3 b5 15. Nd2 Bxg2 16. Kxg2 Qe8 17. e3 Qg6 18. f4 bxc4 19. Nxc4 Nd5 20. Bd2 d6 21. Qf3 Rab8 22. Rc2 Qe8 23. Rfc1 g6 24. e4 fxe4 25. Qxe4 Qc6 26. Kg1 Kh8 27. Ne3 Qb5 28. Rc4 Rbe8 29. R4c2 Bg7 30. Kh1 g5 31. a4 Qxa4 32. Nxd5 exd5 33. Qxd5 Re2 34. f5 g4 35. Qc4 Qb5 36. Qxb5 axb5 37. Bf4 Rxc2 38. Rxc2 Bxd4 39. Rxc7 Rxf5 40. Kg2 Kg8 41. h3 Be5 1/2-1/2

[Event "IECG QM.2005.0.00081 email"]
[Site "IECG email"]
[Date "2005.02.24"]
[Round "?"]
[White "Kleinsorgen, Horst M"]
[Black "Toscano, John"]
[Result "0-1"]
[WhiteElo "2176"]
[BlackElo "2291"]
[PlyCount "47"]
[EventDate "2005.02.24"]
[EventType "tourn (corr)"]
[EventRounds "6"]
[SourceTitle "Corr 2008"]
[Source "ChessBase"]
[SourceDate "2008.06.24"]
[SourceVersion "1"]
[SourceVersionDate "2008.06.24"]
[SourceQuality "1"]

1. c4 e5 2. Nc3 Nc6 3. Nf3 Nf6 4. g3 Bb4 5. Bg2 0-0 6. 0-0 e4 7. Ng5 Bxc3 8. bxc3 Re8 9. f3 e3 10. d4 Na5 11. Qd3 b6 12. c5 Bb7 13. Bxe3 Qe7 14. Bf4 Qxe2 15. Qxe2 Rxe2 16. Bxc7 Nd5 17. Bd6 Nc4 18. Bh3 Nxd6 19. cxd6 Nxc3 20. Rfc1 Re3 21. Kf2 Re2+ 22. Kg1 Re3 23. Kf2 Re2+ 24. Kg1 0-1

[Event "IECG CM.2002.0.00165 email"]
[Site "IECG email"]
[Date "2002.01.16"]
[Round "?"]
[White "Dikmen, Ali Semih"]
[Black "Toscano, John"]
[Result "0-1"]
[WhiteElo "2348"]
[BlackElo "2321"]
[PlyCount "80"]
[EventDate "2002.01.16"]
[EventType "tourn (corr)"]
[EventRounds "6"]
[SourceTitle "Corr 2008"]
[Source "ChessBase"]
[SourceDate "2008.06.24"]
[SourceVersion "1"]
[SourceVersionDate "2008.06.24"]
[SourceQuality "1"]

1. e4 c5 2. Nf3 d6 3. d4 cxd4 4. Nxd4 Nf6 5. Nc3 a6 6. Bg5 e6 7. f4 Qc7 8. Qf3 b5 9. Bxf6 gxf6 10. a3 Bb7 11. 0-0-0 Nc6 12. Qh5 Nxd4 13. Rxd4 Qc5 14. Qxc5 dxc5 15. Rd1 Rd8 16. Rxd8+ Kxd8 17. Be2 b4 18. Rd1+ Kc7 19. axb4 cxb4 20. Na2 a5 21. Bd3 Bh6 22. g3 e5 23. Kb1 exf4 24. gxf4 Bxf4 25. Rf1 Be5 26. Nc1 Bc6 27. Nb3 a4 28. Na5 Bd7 29. Nc4 Be6 30. Nxe5 fxe5 31. Bb5 Ra8 32. Rg1 Kb6 33. Bd3 Kc5 34. Rg7 Kd4 35. h4 h6 36. Rg3 a3 37. Ka1 a2 38. b3 h5 39. Rg5 Bg4 40. Rg7 f5 0-1

[Event "IECG CM.2002.0.00165 email"]
[Site "IECG email"]
[Date "2002.01.16"]
[Round "?"]
[White "Koch, Christian"]
[Black "Toscano, John"]
[Result "1-0"]
[WhiteElo "2290"]
[BlackElo "2321"]
[PlyCount "73"]
[EventDate "2002.01.16"]
[EventType "tourn (corr)"]
[EventRounds "6"]
[SourceTitle "Corr 2008"]
[Source "ChessBase"]
[SourceDate "2008.06.24"]
[SourceVersion "1"]
[SourceVersionDate "2008.06.24"]
[SourceQuality "1"]

1. e4 c5 2. Nf3 d6 3. d4 cxd4 4. Nxd4 Nf6 5. Nc3 a6 6. Be2 Nbd7 7. 0-0 e6 8. a4 b6 9. f4 Qc7 10. Bf3 Bb7 11. Re1 Rc8 12. Be3 Be7 13. Bf2 0-0 14. g4 Nc5 15. g5 Nfd7 16. b4 Nxe4 17. Bxe4 Bxe4 18. Nxe4 d5 19. Nd2 Bxb4 20. Rb1 Bd6 21. f5 e5 22. N4b3 Qxc2 23. Ne4 dxe4 24. Qxd6 e3 25. Bxe3 Qxf5 26. Nd2 f6 27. Kh1 fxg5 28. Bxb6 Nxb6 29. Qxb6 Qf4 30. Qa5 Rcd8 31. Re2 Qf6 32. Qc3 Qf4 33. a5 h6 34. Rf1 Qd4 35. Rxf8+ Rxf8 36. Qxd4 exd4 37. Re6 1-0

[Event "IECG CM.2002.0.00165 email"]
[Site "IECG email"]
[Date "2002.01.16"]
[Round "?"]
[White "Monacell, James P"]
[Black "Toscano, John"]
[Result "1-0"]
[WhiteElo "2483"]
[BlackElo "2321"]
[PlyCount "57"]
[EventDate "2002.01.16"]
[EventType "tourn (corr)"]
[EventRounds "6"]
[SourceTitle "Corr 2008"]
[Source "ChessBase"]
[SourceDate "2008.06.24"]
[SourceVersion "1"]
[SourceVersionDate "2008.06.24"]
[SourceQuality "1"]

1. d4 Nf6 2. c4 c5 3. d5 b5 4. cxb5 a6 5. f3 axb5 6. e4 Qa5+ 7. Bd2 b4 8. Na3 d6 9. Nc4 Qa7 10. a3 g6 11. Bd3 Bg7 12. Ne2 0-0 13. 0-0 bxa3 14. Rxa3 Qb7 15. Qc2 Nfd7 16. f4 Rxa3 17. bxa3 Qa7 18. Nc3 Ba6 19. Rb1 Bxc4 20. Bxc4 Qxa3 21. Na4 Bd4+ 22. Kf1 Be3 23. Bc3 Bd4 24. Ra1 Qxa1+ 25. Bxa1 Bxa1 26. Qb1 Bd4 27. Qb7 Nf6 28. Nb6 Nxe4 29. Qxe7 1-0

[Event "IECG CM.2001.0.00162"]
[Site "IECG email"]
[Date "2001.12.17"]
[Round "?"]
[White "Vaassen, Jack M"]
[Black "Toscano, John"]
[Result "0-1"]
[WhiteElo "2095"]
[BlackElo "2278"]
[PlyCount "60"]
[EventDate "2001.12.17"]
[EventType "tourn (corr)"]
[EventRounds "6"]
[SourceTitle "Corr 2008"]
[Source "ChessBase"]
[SourceDate "2008.06.24"]
[SourceVersion "1"]
[SourceVersionDate "2008.06.24"]
[SourceQuality "1"]

1. d4 e6 2. c4 b6 3. e4 Bb7 4. Qc2 Qh4 5. Nd2 Bb4 6. Bd3 Qg4 7. Kf1 f5 8. f3 Qh4 9. exf5 Qxd4 10. a3 Bd6 11. Ne4 exf5 12. Ne2 Qe5 13. Bf4 fxe4 14. Bxe5 exd3 15. Qxd3 Bxe5 16. Qe3 Nc6 17. f4 Nf6 18. fxe5 Ng4 19. Qg3 Ngxe5 20. Qxg7 0-0-0 21. Ng3 h5 22. Ke2 Rhg8 23. Qh7 Nd4+ 24. Ke3 c5 25. b4 Rh8 26. Qb1 Rde8 27. bxc5 bxc5 28. Kd2 Bxg2 29. Rd1 Re6 30. Qa2 h4 0-1

[Event "IECG CM.2001.0.00149"]
[Site "IECG email"]
[Date "2001.07.25"]
[Round "?"]
[White "Toscano, John"]
[Black "Bauk, Slavko"]
[Result "1-0"]
[WhiteElo "2257"]
[BlackElo "2295"]
[PlyCount "65"]
[EventDate "2001.07.25"]
[EventType "tourn (corr)"]
[EventRounds "6"]
[SourceTitle "Corr 2008"]
[Source "ChessBase"]
[SourceDate "2008.06.24"]
[SourceVersion "1"]
[SourceVersionDate "2008.06.24"]
[SourceQuality "1"]

1. e4 c5 2. Nf3 d6 3. d4 cxd4 4. Nxd4 Nf6 5. Nc3 a6 6. f4 e5 7. Nf3 Qc7 8. Bd3 Be7 9. 0-0 0-0 10. a4 Nbd7 11. Qe1 Re8 12. Kh1 Nc5 13. fxe5 dxe5 14. Qg3 Nh5 15. Qxe5 Qxe5 16. Nxe5 Bf6 17. Nc4 Bxc3 18. bxc3 Nxe4 19. Nb6 Rb8 20. Ba3 Nhf6 21. c4 Bg4 22. Nd5 Nxd5 23. cxd5 Nc3 24. d6 b5 25. axb5 axb5 26. Rfe1 Be6 27. Bb4 Nd5 28. Ba5 Rec8 29. Re5 Rc6 30. d7 Nc7 31. Bxb5 Rxc2 32. Ba4 Rc4 33. Ree1 1-0

[Event "IECG CM.2001.0.00148"]
[Site "IECG email"]
[Date "2001.07.18"]
[Round "?"]
[White "Labahn, Wolfgang"]
[Black "Toscano, John"]
[Result "0-1"]
[WhiteElo "2207"]
[BlackElo "2257"]
[PlyCount "76"]
[EventDate "2001.07.18"]
[EventType "tourn (corr)"]
[EventRounds "6"]
[SourceTitle "Corr 2008"]
[Source "ChessBase"]
[SourceDate "2008.06.24"]
[SourceVersion "1"]
[SourceVersionDate "2008.06.24"]
[SourceQuality "1"]

1. d4 e6 2. c4 Nf6 3. Nc3 d5 4. cxd5 exd5 5. Bg5 c6 6. e3 Qb6 7. Qd2 Be7 8. Bd3 Bg4 9. Nge2 Bh5 10. f3 Bg6 11. e4 dxe4 12. fxe4 Nbd7 13. e5 Ng8 14. Be3 0-0-0 15. Nf4 Nh6 16. Bxg6 hxg6 17. e6 Nf8 18. d5 Qa5 19. exf7 Nxf7 20. Qf2 Bb4 21. 0-0 Ne5 22. dxc6 Ng4 23. cxb7+ Kb8 24. a3 Bc5 25. b4 Nxf2 26. bxa5 Bxe3 27. Nfd5 Nd1+ 28. Nxe3 Nxe3 29. Rf7 Rd2 30. Rf2 Rd3 31. Ne4 Rd4 32. Nc5 Nd7 33. Nb3 Rd6 34. Re1 Nf5 35. Rb2 Kxb7 36. Nc5+ Ka8 37. Ne6 a6 38. g4 Nd4 0-1

[Event "IECG CM.2001.0.00148"]
[Site "IECG email"]
[Date "2001.07.18"]
[Round "?"]
[White "Toscano, John"]
[Black "Schreber, Daniel Paul"]
[Result "1-0"]
[WhiteElo "2257"]
[BlackElo "2225"]
[PlyCount "77"]
[EventDate "2001.07.18"]
[EventType "tourn (corr)"]
[EventRounds "6"]
[SourceTitle "Corr 2008"]
[Source "ChessBase"]
[SourceDate "2008.06.24"]
[SourceVersion "1"]
[SourceVersionDate "2008.06.24"]
[SourceQuality "1"]

1. e4 e5 2. Nf3 Nc6 3. Nc3 Nf6 4. d4 exd4 5. Nd5 Nb4 6. Nxf6+ Qxf6 7. Bc4 Bc5 8. 0-0 d6 9. e5 dxe5 10. Bg5 Qf5 11. Re1 Nc6 12. c3 0-0 13. Bd3 Qg4 14. b4 Bd6 15. h3 Qh5 16. b5 Bxh3 17. gxh3 Nd8 18. Bxd8 Raxd8 19. cxd4 exd4 20. Re4 h6 21. Rh4 Qd5 22. Rxd4 Qe6 23. Kg2 Be5 24. Rxd8 Rxd8 25. Rb1 Bd6 26. Qa4 Bc5 27. Qe4 Qxe4 28. Bxe4 b6 29. Re1 g6 30. Bc6 Kg7 31. Re4 Rd3 32. Ra4 Ra3 33. Rxa3 Bxa3 34. Nd2 f5 35. Nc4 Be7 36. f4 Bc5 37. Kf3 Kf6 38. h4 Bd4 39. Ne3 1-0

[Event "IECG LM.2001.0.00007 email"]
[Site "IECG email"]
[Date "2001.05.20"]
[Round "?"]
[White "Ibar, Marcelo Rodolfo"]
[Black "Toscano, John"]
[Result "1/2-1/2"]
[WhiteElo "2266"]
[BlackElo "2243"]
[PlyCount "37"]
[EventDate "2001.05.20"]
[EventType "tourn (corr)"]
[EventRounds "14"]
[SourceTitle "Corr 2008"]
[Source "ChessBase"]
[SourceDate "2008.06.24"]
[SourceVersion "1"]
[SourceVersionDate "2008.06.24"]
[SourceQuality "1"]

1. Nf3 g6 2. d4 Bg7 3. g3 d6 4. Bg2 Nf6 5. 0-0 0-0 6. c4 Nc6 7. Nc3 a6 8. d5 Na5 9. Nd2 c5 10. Qc2 Rb8 11. b3 e5 12. Bb2 Nh5 13. Rae1 b5 14. Nd1 Bh6 15. e3 Bf5 16. e4 Bd7 17. Ne3 bxc4 18. bxc4 f5 19. exf5 1/2-1/2

[Event "IECG LM.2001.0.00007 email"]
[Site "IECG email"]
[Date "2001.05.20"]
[Round "?"]
[White "Lanin, Boris Aleksandrovic"]
[Black "Toscano, John"]
[Result "1/2-1/2"]
[WhiteElo "2031"]
[BlackElo "2243"]
[PlyCount "71"]
[EventDate "2001.05.20"]
[EventType "tourn (corr)"]
[EventRounds "14"]
[SourceTitle "Corr 2008"]
[Source "ChessBase"]
[SourceDate "2008.06.24"]
[SourceVersion "1"]
[SourceVersionDate "2008.06.24"]
[SourceQuality "1"]

1. e4 e6 2. d4 d5 3. Nc3 Bb4 4. a3 Bxc3+ 5. bxc3 dxe4 6. Qg4 Nf6 7. Qxg7 Rg8 8. Qh6 Nbd7 9. h3 b6 10. g4 Bb7 11. Bg2 Qe7 12. g5 Qf8 13. Qxf8+ Nxf8 14. Ne2 Nh5 15. h4 f5 16. Nf4 Nxf4 17. Bxf4 Kf7 18. Rh3 Rc8 19. f3 Ng6 20. Bc1 c5 21. fxe4 Bxe4 22. Bxe4 fxe4 23. Rh2 Ne7 24. Rf2+ Nf5 25. d5 Ke7 26. Rf4 Nd6 27. dxe6 Rcf8 28. a4 Rxf4 29. Bxf4 Nc4 30. Kf2 Kxe6 31. Kg3 h6 32. Rd1 hxg5 33. Bxg5 Rf8 34. Bf4 Rg8+ 35. Bg5 Rf8 36. Bf4 1/2-1/2

[Event "IECG CM.2001.0.00130"]
[Site "IECG email"]
[Date "2001.01.28"]
[Round "?"]
[White "Makovsky, Petr"]
[Black "Toscano, John"]
[Result "1/2-1/2"]
[WhiteElo "2254"]
[BlackElo "2202"]
[PlyCount "136"]
[EventDate "2001.01.28"]
[EventType "tourn (corr)"]
[EventRounds "6"]
[SourceTitle "Corr 2008"]
[Source "ChessBase"]
[SourceDate "2008.06.24"]
[SourceVersion "1"]
[SourceVersionDate "2008.06.24"]
[SourceQuality "1"]

1. e4 e6 2. d4 d5 3. Nc3 Bb4 4. e5 c5 5. a3 Bxc3+ 6. bxc3 Ne7 7. Qg4 0-0 8. Bd3 Nbc6 9. Qh5 Ng6 10. Nf3 Qc7 11. Be3 Nce7 12. dxc5 b6 13. c4 dxc4 14. Bxg6 Nxg6 15. 0-0 bxc5 16. Ng5 h6 17. Ne4 Nxe5 18. Bf4 f6 19. Bxe5 fxe5 20. Qh3 Rb8 21. Rad1 Rb6 22. Qe3 Bb7 23. Qxc5 Rc8 24. Qxc7 Rxc7 25. Nc3 Rb2 26. Rd2 Bc6 27. Re2 Rd7 28. Nd1 Ra2 29. Rxe5 Rxc2 30. Ne3 Ra2 31. Nxc4 a6 32. Rc5 Bb5 33. Rc1 Rd4 34. Ne3 Rdd2 35. R5c2 Rdxc2 36. Nxc2 e5 37. f3 a5 38. Rb1 Bd3 39. Rb8+ Kf7 40. Ne1 Bc4 41. Rc8 Be6 42. Rc3 a4 43. Nd3 Bb3 44. Nxe5+ Ke6 45. Nd3 Rxa3 46. Kf2 Ra2+ 47. Ke3 Kd6 48. Nc1 Rb2 49. h4 Bd5 50. Ra3 Rb1 51. Kd2 Rb2+ 52. Ke3 Bc6 53. Ne2 Be8 54. Nc3 Rb3 55. Rxb3 axb3 56. Kd2 Bf7 57. Ne2 Bc4 58. Ng3 Ke5 59. Kc3 g6 60. Ne4 Kf4 61. Kxc4 b2 62. Nd2 Kg3 63. Kc3 Kxg2 64. Kxb2 Kg3 65. Kc3 Kxh4 66. Kd4 Kg3 67. Ke3 h5 68. Ne4+ Kg2 1/2-1/2

[Event "IECG QM.2001.0.00037"]
[Site "IECG email"]
[Date "2001.??.??"]
[Round "?"]
[White "Toscano, John"]
[Black "Hoensch, Matthias"]
[Result "1-0"]
[WhiteElo "2257"]
[BlackElo "2293"]
[PlyCount "69"]
[EventDate "2001.09.05"]
[EventType "tourn (corr)"]
[EventRounds "6"]
[SourceTitle "Corr 2008"]
[Source "ChessBase"]
[SourceDate "2008.06.24"]
[SourceVersion "1"]
[SourceVersionDate "2008.06.24"]
[SourceQuality "1"]

1. e4 c5 2. Nf3 d6 3. d4 cxd4 4. Nxd4 Nf6 5. Nc3 g6 6. Be3 Bg7 7. f3 0-0 8. Qd2 Nc6 9. 0-0-0 d5 10. exd5 Nxd5 11. Nxc6 bxc6 12. Bd4 e5 13. Bc5 Be6 14. Ne4 Rb8 15. Bc4 Re8 16. h4 Qc7 17. h5 Red8 18. hxg6 hxg6 19. Qg5 Nf4 20. Rd6 Rxd6 21. Bxd6 Qd8 22. Bxb8 Qxg5 23. Nxg5 Bxc4 24. b3 Ba6 25. Bxa7 Nxg2 26. Kd2 Nf4 27. Be3 Nd5 28. Ne4 f5 29. Nc5 Bc8 30. Bg5 Bf8 31. Nd3 e4 32. fxe4 fxe4 33. c4 Nc7 34. Ne5 Bb4+ 35. Ke3 1-0

[Event "IECG QM.2001.0.00037"]
[Site "IECG email"]
[Date "2001.??.??"]
[Round "?"]
[White "Woerdemann, Martin"]
[Black "Toscano, John"]
[Result "1/2-1/2"]
[WhiteElo "2303"]
[BlackElo "2257"]
[PlyCount "93"]
[EventDate "2001.09.05"]
[EventType "tourn (corr)"]
[EventRounds "6"]
[SourceTitle "Corr 2008"]
[Source "ChessBase"]
[SourceDate "2008.06.24"]
[SourceVersion "1"]
[SourceVersionDate "2008.06.24"]
[SourceQuality "1"]

1. c4 e6 2. Nf3 Nf6 3. g3 d5 4. Bg2 dxc4 5. Qa4+ Nbd7 6. Qxc4 c5 7. Qb3 Bd6 8. a4 0-0 9. Na3 Nd5 10. Nb5 N7f6 11. d4 cxd4 12. Nxd6 Qxd6 13. Nxd4 Qc5 14. Nf3 b6 15. Bg5 Ne4 16. 0-0 Ba6 17. Rac1 Qd6 18. Rfe1 Rac8 19. Be3 Rxc1 20. Rxc1 Rd8 21. Bf1 Nxe3 22. Qxe3 Bb7 23. a5 bxa5 24. Qxa7 Qb4 25. Ne5 Nd6 26. Nd3 Qb5 27. Rc5 Ra8 28. Rxb5 Rxa7 29. Rc5 Kf8 30. Bg2 Be4 31. Bxe4 Nxe4 32. Rc2 Ke7 33. f3 Nd6 34. Kf2 a4 35. h4 a3 36. bxa3 Rxa3 37. g4 h6 38. Ke3 g5 39. Rc7+ Kd8 40. Rc5 f5 41. hxg5 hxg5 42. gxf5 exf5 43. Kd4 g4 44. fxg4 fxg4 45. Ke5 Ne8 46. Kf5 Ra4 47. Rd5+ 1/2-1/2

[Event "IECG CM.2000.0.00125"]
[Site "IECG email"]
[Date "2000.12.07"]
[Round "?"]
[White "Groffen, Hans"]
[Black "Toscano, John"]
[Result "1/2-1/2"]
[WhiteElo "2224"]
[BlackElo "2171"]
[PlyCount "75"]
[EventDate "2000.12.07"]
[EventType "tourn (corr)"]
[EventRounds "6"]
[SourceTitle "Corr 2008"]
[Source "ChessBase"]
[SourceDate "2008.06.24"]
[SourceVersion "1"]
[SourceVersionDate "2008.06.24"]
[SourceQuality "1"]

1. e4 e6 2. d4 d5 3. e5 c5 4. c3 Nc6 5. Nf3 Bd7 6. Be2 Nge7 7. Na3 Ng6 8. h4 cxd4 9. cxd4 Bb4+ 10. Kf1 h6 11. Nc2 Be7 12. h5 Nf8 13. Rh3 Nh7 14. Rg3 Ng5 15. Nxg5 hxg5 16. f4 gxf4 17. Bxf4 Bf8 18. Rc1 Rc8 19. Rc3 Ne7 20. Rxc8 Nxc8 21. Qd2 g6 22. hxg6 fxg6 23. Ne1 Qb6 24. Nf3 Ne7 25. Kg1 Bg7 26. Bg5 Nc6 27. Qe3 Qxb2 28. Bd3 Bc8 29. Bxg6+ Kd7 30. Qf4 Rf8 31. Qh4 Rxf3 32. gxf3 Qxd4+ 33. Qxd4 Nxd4 34. Kf2 Bxe5 35. Bd3 Nc6 36. Bd2 Kd6 37. f4 Bf6 38. Rh1 1/2-1/2

[Event "IECG CM.2000.0.00125"]
[Site "IECG email"]
[Date "2000.12.07"]
[Round "?"]
[White "Toscano, John"]
[Black "Bergmann, Michael"]
[Result "1-0"]
[WhiteElo "2171"]
[BlackElo "2372"]
[PlyCount "43"]
[EventDate "2000.12.07"]
[EventType "tourn (corr)"]
[EventRounds "6"]
[SourceTitle "Corr 2008"]
[Source "ChessBase"]
[SourceDate "2008.06.24"]
[SourceVersion "1"]
[SourceVersionDate "2008.06.24"]
[SourceQuality "1"]

1. e4 c5 2. Nf3 d6 3. d4 cxd4 4. Nxd4 Nf6 5. Nc3 a6 6. Bg5 Nc6 7. Qd2 e6 8. 0-0-0 h6 9. Be3 Be7 10. f4 Nxd4 11. Bxd4 b5 12. Qe3 Bb7 13. Bxf6 Bxf6 14. e5 Be7 15. exd6 Bxd6 16. Ne4 Bxe4 17. Qxe4 0-0 18. Bd3 g6 19. h4 Qf6 20. Rdf1 h5 21. g4 Qf5 22. gxf5 1-0

[Event "IECG C1.2000.0.00317"]
[Site "IECG email"]
[Date "2000.12.04"]
[Round "?"]
[White "Peetoom, Frank F"]
[Black "Toscano, John"]
[Result "1-0"]
[WhiteElo "2194"]
[BlackElo "2171"]
[PlyCount "31"]
[EventDate "2000.11.14"]
[EventType "tourn (corr)"]
[EventRounds "6"]
[SourceTitle "Corr 2008"]
[Source "ChessBase"]
[SourceDate "2008.06.24"]
[SourceVersion "1"]
[SourceVersionDate "2008.06.24"]
[SourceQuality "1"]

1. d4 e6 2. e4 d5 3. Nc3 Bb4 4. e5 c5 5. a3 Bxc3+ 6. bxc3 Ne7 7. Qg4 0-0 8. Bd3 Qa5 9. Bd2 Nbc6 10. Nf3 f5 11. Qh3 Qa4 12. dxc5 Ng6 13. Be3 Ncxe5 14. Nxe5 Nxe5 15. 0-0 f4 16. Bxh7+ 1-0

[Event "IECG C1.2000.0.00284"]
[Site "IECG email"]
[Date "2000.05.20"]
[Round "?"]
[White "Toscano, John"]
[Black "Marino, Maurizio"]
[Result "1-0"]
[WhiteElo "2030"]
[BlackElo "2000"]
[PlyCount "77"]
[EventDate "2000.05.20"]
[EventType "tourn (corr)"]
[EventRounds "6"]
[SourceTitle "Corr 2008"]
[Source "ChessBase"]
[SourceDate "2008.06.24"]
[SourceVersion "1"]
[SourceVersionDate "2008.06.24"]
[SourceQuality "1"]

1. e4 c5 2. Nf3 Nc6 3. d4 cxd4 4. Nxd4 Nf6 5. Nc3 e5 6. Ndb5 d6 7. Bg5 a6 8. Na3 b5 9. Bxf6 gxf6 10. Nd5 f5 11. c3 Bg7 12. exf5 Bxf5 13. Nc2 Be6 14. Nce3 Ne7 15. g3 Nxd5 16. Nxd5 0-0 17. Bg2 f5 18. 0-0 a5 19. a3 Rc8 20. a4 Rc5 21. Qd2 bxa4 22. Rxa4 e4 23. Nf4 Bf7 24. Ne2 Qb6 25. b4 Rd5 26. Qe3 Qxe3 27. fxe3 axb4 28. cxb4 Rb8 29. Bh3 Rd3 30. Kf2 Rd2 31. Rc1 Bh5 32. Bf1 Rb2 33. Ra7 Be5 34. Rcc7 h6 35. Ke1 R2xb4 36. Nf4 Rb1+ 37. Kf2 R1b2+ 38. Kg1 d5 39. Nxh5 1-0

[Event "IECG C1.2000.0.00284"]
[Site "IECG email"]
[Date "2000.05.20"]
[Round "?"]
[White "Toscano, John"]
[Black "Martin, Joel"]
[Result "1/2-1/2"]
[WhiteElo "2030"]
[BlackElo "2086"]
[PlyCount "43"]
[EventDate "2000.05.20"]
[EventType "tourn (corr)"]
[EventRounds "6"]
[SourceTitle "Corr 2008"]
[Source "ChessBase"]
[SourceDate "2008.06.24"]
[SourceVersion "1"]
[SourceVersionDate "2008.06.24"]
[SourceQuality "1"]

1. e4 c5 2. Nf3 Nc6 3. d4 cxd4 4. Nxd4 Nf6 5. Nc3 e5 6. Ndb5 d6 7. Bg5 a6 8. Na3 b5 9. Bxf6 gxf6 10. Nd5 f5 11. c3 Bg7 12. exf5 Bxf5 13. Nc2 0-0 14. Nce3 Be6 15. Bd3 f5 16. Bc2 f4 17. Qh5 Rf7 18. Bxh7+ Kf8 19. Bf5 Qe8 20. Qg4 Bxf5 21. Nxf5 Qe6 22. Nfe3 1/2-1/2

[Event "IECG C1.2000.0.00280"]
[Site "IECG email"]
[Date "2000.05.14"]
[Round "?"]
[White "Stibal, George"]
[Black "Toscano, John"]
[Result "0-1"]
[WhiteElo "1896"]
[BlackElo "2030"]
[PlyCount "46"]
[EventDate "2000.05.14"]
[EventType "tourn (corr)"]
[EventRounds "6"]
[SourceTitle "Corr 2008"]
[Source "ChessBase"]
[SourceDate "2008.06.24"]
[SourceVersion "1"]
[SourceVersionDate "2008.06.24"]
[SourceQuality "1"]

1. e4 e6 2. d4 d5 3. Nc3 Bb4 4. e5 c5 5. a3 Bxc3+ 6. bxc3 Ne7 7. Qg4 0-0 8. Bd3 Qa5 9. Bd2 Nbc6 10. Nf3 f5 11. exf6 Rxf6 12. Qh5 Nf5 13. c4 Qa4 14. cxd5 Ncxd4 15. Ng5 h6 16. Ne4 Rf8 17. Nxc5 Nxc2+ 18. Bxc2 Qxc2 19. Rc1 Qa2 20. dxe6 b6 21. Ne4 Qxe6 22. f3 Ba6 23. Kf2 Rad8 0-1